| 000 | 00790nam a22002057a 4500 | ||
|---|---|---|---|
| 005 | 20120402133955.0 | ||
| 008 | 120402s2006 ii|||||r|||| 001 0 eng d | ||
| 020 | _a812032983X | ||
| 020 | _a9788120329836 | ||
| 082 |
_222 _a620.0015 _bDEB |
||
| 100 |
_929550 _aDeb, Debasis |
||
| 245 |
_aFinite element method : _bconcepts and applications in geomechanics / _cDebasis Deb. |
||
| 260 |
_aNew Delhi : _bPrentice-Hall of India, _cc2006. |
||
| 300 |
_axiiii, 269 p. : _bill. ; _c24 cm. |
||
| 504 | _aIncludes bibliographical references and index. | ||
| 650 |
_912621 _aFinite element method. |
||
| 653 |
_bMec _cApril2012 |
||
| 942 |
_2ddc _cARCH |
||
| 999 |
_c16624 _d16624 |
||